[Event "HUN-chT2 9899"]
[Site "Hungary"]
[Date "1999.??.??"]
[Round "?"]
[White "Bajusz, Tamas"]
[Black "Dobcsanyi, David"]
[Result "0-1"]
[WhiteElo "2110"]
[BlackElo "2155"]
[PlyCount "64"]
[EventDate "1998.??.??"]
[EventType "team-tourn"]
[EventRounds "12"]
[EventCountry "HUN"]
[SourceTitle "EXT 2000"]
[Source "ChessBase"]
[SourceDate "1999.11.16"]
[SourceVersion "1"]
[SourceVersionDate "1999.11.16"]
[SourceQuality "1"]

1. e4 e6 2. d4 d5 3. exd5 exd5 4. Nf3 Bd6 5. Nc3 c6 6. Be2 Ne7 7. 0-0 0-0 8. Ne5 Nf5 9. f4 Qb6 10. Nf3 Nd7 11. Na4 Qc7 12. Ne5 f6 13. Nxd7 Bxd7 14. Nc5 Bxc5 15. dxc5 Qa5 16. Bd3 Qxc5+ 17. Kh1 Rae8 18. Qh5 g6 19. Qh3 Re7 20. g4 Nd6 21. f5 g5 22. Bd2 Ne4 23. Be3 d4 24. Bf2 Qb4 25. a3 Nxf2+ 26. Rxf2 Qxb2 27. Rff1 c5 28. Bc4+ Kg7 29. Rae1 Rfe8 30. Rxe7+ Rxe7 31. Bb3 Bb5 32. Rd1 c4 0-1

[Event "Szeged TT03 IM"]
[Site "Szeged"]
[Date "1998.03.26"]
[Round "8"]
[White "Farkas, Tibor"]
[Black "Dobcsanyi, David"]
[Result "1/2-1/2"]
[WhiteElo "2340"]
[BlackElo "2155"]
[PlyCount "31"]
[EventDate "1998.03.19"]
[EventType "tourn"]
[EventRounds "9"]
[EventCountry "HUN"]
[EventCategory "2"]
[SourceTitle "CBM 063 Extra"]
[Source "ChessBase"]
[SourceDate "1998.04.29"]
[SourceVersion "1"]
[SourceVersionDate "1998.04.29"]
[SourceQuality "1"]

1. e4 e6 2. d4 d5 3. Nc3 Bb4 4. e5 c5 5. a3 Bxc3+ 6. bxc3 Ne7 7. Qg4 Qc7 8. Qxg7 Rg8 9. Qxh7 cxd4 10. Ne2 Nbc6 11. f4 Bd7 12. Qd3 dxc3 13. Nxc3 a6 14. Rb1 Rc8 15. h4 Nf5 16. Rh3 1/2-1/2

[Event "Szeged TT03 IM"]
[Site "Szeged"]
[Date "1998.03.22"]
[Round "4"]
[White "Dobcsanyi, David"]
[Black "Gal, Jozsef Istvan"]
[Result "1/2-1/2"]
[WhiteElo "2155"]
[BlackElo "2325"]
[PlyCount "93"]
[EventDate "1998.03.19"]
[EventType "tourn"]
[EventRounds "9"]
[EventCountry "HUN"]
[EventCategory "2"]
[SourceTitle "CBM 063 Extra"]
[Source "ChessBase"]
[SourceDate "1998.04.29"]
[SourceVersion "1"]
[SourceVersionDate "1998.04.29"]
[SourceQuality "1"]

1. c4 e5 2. Nc3 Bb4 3. g3 Bxc3 4. bxc3 d6 5. Bg2 c5 6. e4 Nc6 7. Ne2 Be6 8. Qa4 Bd7 9. Qc2 Nge7 10. 0-0 g5 11. d4 Ng6 12. Be3 Qe7 13. Rad1 0-0-0 14. dxc5 dxc5 15. Rd5 b6 16. Rfd1 Be6 17. Rxd8+ Rxd8 18. Rxd8+ Qxd8 19. Nc1 Bxc4 20. Qa4 b5 21. Qa6+ Kc7 22. Bf3 Kd6 23. Nb3 Bxb3 24. axb3 Qb6 25. Qa2 Qd8 26. Qa3 b4 27. cxb4 cxb4 28. Qc1 Qa5 29. Qc4 Nd8 30. Bxg5 Ne6 31. Bd2 Qa1+ 32. Kg2 a5 33. Qd5+ Ke7 34. Be3 Kf6 35. Bg4 Ngf8 36. Bb6 a4 37. bxa4 Qxa4 38. Bd1 Qa1 39. Bb3 Ng6 40. Qd2 Qb1 41. Qxb4 Ngf4+ 42. gxf4 Nxf4+ 43. Kf3 Qh1+ 44. Ke3 Qc1+ 45. Qd2 Ng2+ 46. Ke2 Nf4+ 47. Ke3 1/2-1/2

[Event "Szeged TT03 IM"]
[Site "Szeged"]
[Date "1998.03.19"]
[Round "1"]
[White "Bogdan, Dan"]
[Black "Dobcsanyi, David"]
[Result "1-0"]
[WhiteElo "2410"]
[BlackElo "2155"]
[PlyCount "45"]
[EventDate "1998.03.19"]
[EventType "tourn"]
[EventRounds "9"]
[EventCountry "HUN"]
[EventCategory "2"]
[SourceTitle "CBM 063 Extra"]
[Source "ChessBase"]
[SourceDate "1998.04.29"]
[SourceVersion "1"]
[SourceVersionDate "1998.04.29"]
[SourceQuality "1"]

1. d4 d5 2. Nf3 Nf6 3. g3 Bf5 4. Bg2 e6 5. 0-0 Be7 6. c4 Nbd7 7. Qb3 b6 8. Ne5 Nxe5 9. dxe5 Ne4 10. Nc3 Nxc3 11. bxc3 c6 12. cxd5 exd5 13. c4 Be4 14. Bxe4 dxe4 15. Qc2 0-0 16. Qxe4 Bc5 17. Bb2 Qd2 18. Rab1 Rad8 19. Kg2 f5 20. exf6 Rde8 21. Qg4 g6 22. e4 Bd4 23. Qd7 1-0

[Event "HUN-chT2 9798"]
[Site "Hungary"]
[Date "1998.??.??"]
[Round "?"]
[White "Ballai, Zsolt"]
[Black "Dobcsanyi, David"]
[Result "1-0"]
[WhiteElo "2320"]
[BlackElo "2130"]
[PlyCount "83"]
[EventDate "1997.??.??"]
[EventType "team-tourn"]
[EventRounds "11"]
[EventCountry "HUN"]
[SourceTitle "EXT 1999"]
[Source "ChessBase"]
[SourceDate "1998.11.16"]
[SourceVersion "1"]
[SourceVersionDate "1998.11.16"]
[SourceQuality "1"]

1. d4 d5 2. c4 c6 3. Nf3 Nf6 4. Nc3 e6 5. cxd5 exd5 6. Bg5 Be7 7. Qc2 0-0 8. e3 Re8 9. Bd3 Ne4 10. Bf4 f5 11. 0-0 Nd7 12. Nxd5 Bd6 13. Bxd6 Nxd6 14. Nc3 Nf6 15. Ne5 Be6 16. b3 Qe7 17. Ne2 g6 18. Nf4 Bd5 19. Bc4 Rac8 20. Rac1 Kg7 21. Qb2 Bxc4 22. Nxc4 Nde4 23. f3 Nd6 24. Rfe1 Nb5 25. a4 Nc7 26. Ne5 Ncd5 27. Nfd3 Nd7 28. Re2 N5f6 29. a5 Qd6 30. Nc4 Qc7 31. b4 Nd5 32. e4 fxe4 33. fxe4 Nf4 34. Nxf4 Qxf4 35. Rf1 Qc7 36. e5 Rf8 37. Ref2 b5 38. Nd6 Rcd8 39. Rf7+ Kg8 40. Qb3 Kh8 41. Qh3 h5 42. Qe3 1-0

[Event "HUN-ch U16"]
[Site "Paks"]
[Date "1998.??.??"]
[Round "7"]
[White "Blasko, Istvan"]
[Black "Dobcsanyi, David"]
[Result "1/2-1/2"]
[WhiteElo "2085"]
[BlackElo "2155"]
[PlyCount "86"]
[EventDate "1998.??.??"]
[EventType "tourn"]
[EventRounds "9"]
[EventCountry "HUN"]
[SourceTitle "EXT 2000"]
[Source "ChessBase"]
[SourceDate "1999.11.16"]
[SourceVersion "1"]
[SourceVersionDate "1999.11.16"]
[SourceQuality "1"]

1. e4 e6 2. d4 d5 3. Nc3 Bb4 4. exd5 exd5 5. Bd3 c6 6. Nge2 Ne7 7. 0-0 0-0 8. a3 Bd6 9. Bg5 Qc7 10. g3 Bg4 11. f3 Bh3 12. Re1 f6 13. Bf4 Bf5 14. Bxd6 Qxd6 15. Bxf5 Nxf5 16. Qd3 Qd7 17. Nf4 Nd6 18. Ne6 Re8 19. Nc5 Qf7 20. Rxe8+ Qxe8 21. Qe2 Qf7 22. Re1 Nd7 23. Nxd7 Qxd7 24. Qe6+ Qxe6 25. Rxe6 Nf5 26. Re2 Nxd4 27. Rf2 Re8 28. Kg2 Re1 29. Rd2 Nf5 30. Kf2 Re6 31. Ne2 Kf7 32. b3 Rd6 33. Rd1 Ke6 34. Nf4+ Kd7 35. Ne2 a6 36. Rd2 c5 37. g4 Ne7 38. Ng3 g6 39. h4 f5 40. gxf5 Nxf5 41. Nxf5 gxf5 42. Ke3 Ke6 43. Kf4 Kf6 1/2-1/2

[Event "HUN-chT2 9899"]
[Site "Hungary"]
[Date "1998.??.??"]
[Round "?"]
[White "Dobcsanyi, David"]
[Black "Mate, Balazs"]
[Result "0-1"]
[WhiteElo "2155"]
[BlackElo "2110"]
[PlyCount "86"]
[EventDate "1998.??.??"]
[EventType "team-tourn"]
[EventRounds "12"]
[EventCountry "HUN"]
[SourceTitle "EXT 2000"]
[Source "ChessBase"]
[SourceDate "1999.11.16"]
[SourceVersion "1"]
[SourceVersionDate "1999.11.16"]
[SourceQuality "1"]

1. c4 d6 2. d4 c6 3. Nc3 e5 4. e4 Nd7 5. Nf3 g6 6. Be2 Bg7 7. Be3 Qc7 8. Qd2 Ngf6 9. Bh6 0-0 10. Bxg7 Kxg7 11. h3 Re8 12. dxe5 dxe5 13. 0-0-0 Nc5 14. Qe3 Ne6 15. g3 a6 16. Nh2 b5 17. Ng4 Ng8 18. f3 b4 19. Na4 Nd4 20. b3 c5 21. f4 exf4 22. gxf4 Nxe2+ 23. Qxe2 Qxf4+ 24. Kb2 Rxe4 25. Qd3 Bxg4 26. hxg4 Qe5+ 27. Kb1 Rd4 28. Qf3 Rxd1+ 29. Rxd1 Re8 30. Rd5 Qe1+ 31. Rd1 Qe5 32. Qd5 Nf6 33. Qxc5 Qe4+ 34. Kc1 Qf4+ 35. Kb1 Qxg4 36. Nb2 Re2 37. Rd8 Qe4+ 38. Ka1 Re1+ 39. Nd1 Qe5+ 40. Qxe5 Rxe5 41. Nf2 Re1+ 42. Rd1 Rxd1+ 43. Nxd1 Nd7 0-1

[Event "HUN-chT2 9798"]
[Site "Hungary"]
[Date "1998.??.??"]
[Round "?"]
[White "Dobcsanyi, David"]
[Black "Nagy, Sandor"]
[Result "1/2-1/2"]
[WhiteElo "2130"]
[BlackElo "2015"]
[PlyCount "97"]
[EventDate "1997.??.??"]
[EventType "team-tourn"]
[EventRounds "11"]
[EventCountry "HUN"]
[SourceTitle "EXT 1999"]
[Source "ChessBase"]
[SourceDate "1998.11.16"]
[SourceVersion "1"]
[SourceVersionDate "1998.11.16"]
[SourceQuality "1"]

1. d4 f5 2. e4 fxe4 3. Nc3 Nf6 4. Bg5 Nc6 5. d5 Ne5 6. Qd4 Nf7 7. Bxf6 exf6 8. Nxe4 Be7 9. 0-0-0 0-0 10. f4 f5 11. Ng3 Bf6 12. Qd2 d6 13. Nf3 c5 14. dxc6 bxc6 15. Nh5 d5 16. Nxf6+ Qxf6 17. Qd4 Nd6 18. c4 Nxc4 19. Bxc4 dxc4 20. Qxf6 Rxf6 21. Rd8+ Rf8 22. Rhd1 Bb7 23. R8d7 Rab8 24. Ne5 c3 25. b3 a5 26. Rc7 Rfc8 27. Rcd7 c5 28. Kc2 Bxg2 29. Kxc3 g6 30. h4 Rb7 31. Rd8+ Rxd8 32. Rxd8+ Kg7 33. Rc8 a4 34. Rxc5 axb3 35. axb3 Kh6 36. b4 Kh5 37. b5 Kxh4 38. Kd4 g5 39. fxg5 Kxg5 40. Nc4 Rd7+ 41. Ke3 h5 42. b6 h4 43. Rc7 f4+ 44. Kf2 Rxc7 45. bxc7 Bb7 46. Nd6 Ba6 47. c8Q Bxc8 48. Nxc8 Kg4 49. Ne7 1/2-1/2

[Event "HUN-ch U16"]
[Site "Paks"]
[Date "1998.??.??"]
[Round "8"]
[White "Muhari, Istvan"]
[Black "Dobcsanyi, David"]
[Result "1-0"]
[WhiteElo "2215"]
[BlackElo "2155"]
[PlyCount "73"]
[EventDate "1998.??.??"]
[EventType "tourn"]
[EventRounds "9"]
[EventCountry "HUN"]
[SourceTitle "EXT 2000"]
[Source "ChessBase"]
[SourceDate "1999.11.16"]
[SourceVersion "1"]
[SourceVersionDate "1999.11.16"]
[SourceQuality "1"]

1. e4 e6 2. d4 d5 3. Nc3 Nf6 4. Bg5 Bb4 5. e5 h6 6. Bd2 Bxc3 7. bxc3 Ne4 8. Qg4 g6 9. Bd3 Nxd2 10. Kxd2 c5 11. h4 Nc6 12. Nf3 Qa5 13. Qf4 cxd4 14. Nxd4 Nxd4 15. Qxd4 Bd7 16. g4 0-0-0 17. a4 Kb8 18. Rhb1 Rc8 19. Qb4 Qc7 20. Ra2 Bc6 21. Qd4 Qe7 22. Rh1 Rhf8 23. f4 f5 24. g5 Rh8 25. Raa1 Rh7 26. Bb5 Bxb5 27. axb5 b6 28. Ra4 Rc5 29. Rha1 Qe8 30. gxh6 Qf8 31. Qg1 Qxh6 32. Qg5 Qxg5 33. fxg5 Rxb5 34. h5 gxh5 35. g6 Rg7 36. Rxa7 Rxg6 37. Ra8+ 1-0

[Event "HUN-chT2"]
[Site "Hungary"]
[Date "1997.??.??"]
[Round "11"]
[White "Albert, Kornelia"]
[Black "Dobcsanyi, David"]
[Result "1-0"]
[WhiteElo "2140"]
[BlackElo "2130"]
[PlyCount "127"]
[EventDate "1997.??.??"]
[EventType "team-swiss"]
[EventRounds "13"]
[EventCountry "HUN"]
[SourceTitle "EXT 2006"]
[Source "ChessBase"]
[SourceDate "2005.11.24"]
[SourceVersion "1"]
[SourceVersionDate "2005.11.24"]
[SourceQuality "1"]

1. e4 c6 2. d4 d5 3. Nc3 dxe4 4. Nxe4 Bf5 5. Ng3 Bg6 6. h4 h6 7. h5 Bh7 8. Bd3 Bxd3 9. Qxd3 Nf6 10. Nf3 e6 11. Bd2 Nbd7 12. 0-0-0 Qc7 13. Qe2 0-0-0 14. Ne5 Nxe5 15. dxe5 Nd5 16. Rh4 Ne7 17. Ra4 Kb8 18. Qf3 Nd5 19. Re1 Bc5 20. Ne4 Nb6 21. Nxc5 Nxa4 22. Nxa4 b6 23. Nc3 Rhf8 24. Qg4 Rg8 25. Re4 g6 26. Bxh6 gxh5 27. Qf3 Rg6 28. Be3 Rdg8 29. g3 Rg4 30. Rxg4 Rxg4 31. Bf4 Qd7 32. Qh1 h4 33. f3 Rg8 34. gxh4 Qd4 35. Ne2 Qf2 36. Ng3 Rxg3 37. Bxg3 Qxg3 38. h5 Qf4+ 39. Kb1 Qh6 40. Qh2 Kc7 41. f4 Kd7 42. Qh4 a5 43. Qg5 Qh7 44. h6 Qe4 45. a3 Qh1+ 46. Ka2 Qd5+ 47. b3 Qd2 48. Kb2 Qd4+ 49. Kc1 Qa1+ 50. Kd2 Qd4+ 51. Ke2 Qe4+ 52. Kf2 Qd4+ 53. Kg2 Qe4+ 54. Kh2 Qe2+ 55. Kg3 Qe1+ 56. Kh2 Qf2+ 57. Kh3 Qf3+ 58. Qg3 Qh5+ 59. Qh4 Qf3+ 60. Kh2 Qe2+ 61. Kg3 Qxc2 62. Qf6 Qd1 63. Qxf7+ Kd8 64. Qf8+ 1-0

[Event "Papp Bela Memorial"]
[Site "Budapest"]
[Date "1997.??.??"]
[Round "?"]
[White "Dobcsanyi, David"]
[Black "Amrein, Roland"]
[Result "0-1"]
[WhiteElo "2130"]
[BlackElo "2245"]
[PlyCount "66"]
[EventDate "1997.??.??"]
[EventType "swiss"]
[EventRounds "11"]
[EventCountry "HUN"]
[SourceTitle "EXT 2002"]
[Source "ChessBase"]
[SourceDate "2001.11.25"]
[SourceVersion "1"]
[SourceVersionDate "2001.11.25"]
[SourceQuality "1"]

1. e4 c5 2. Nf3 g6 3. d4 Bg7 4. Bc4 cxd4 5. Nxd4 Nc6 6. Be3 Nf6 7. Nc3 0-0 8. 0-0 d5 9. Bxd5 Nb4 10. Bb3 Ng4 11. a3 Qc7 12. g3 Nxe3 13. fxe3 Nc6 14. Nd5 Qe5 15. Qf3 Nxd4 16. exd4 Qxd4+ 17. Kh1 e6 18. c3 Qc5 19. Nb4 a5 20. Nd3 Qb5 21. Bd1 Bd7 22. Qe3 Bc6 23. Bf3 Rad8 24. Rad1 Qc4 25. e5 Rd7 26. Kg1 Rfd8 27. Nc5 Rxd1 28. Bxd1 Rd5 29. Nb3 Rxe5 30. Qb6 Bf8 31. Nd4 Qd3 32. Qc7 f6 33. Nxc6 bxc6 0-1

[Event "HUN-chT2 9798"]
[Site "Hungary"]
[Date "1997.??.??"]
[Round "?"]
[White "Dobcsanyi, David"]
[Black "Gal, Karoly"]
[Result "1/2-1/2"]
[WhiteElo "2130"]
[BlackElo "2195"]
[PlyCount "124"]
[EventDate "1997.??.??"]
[EventType "team-tourn"]
[EventRounds "11"]
[EventCountry "HUN"]
[SourceTitle "EXT 1999"]
[Source "ChessBase"]
[SourceDate "1998.11.16"]
[SourceVersion "1"]
[SourceVersionDate "1998.11.16"]
[SourceQuality "1"]

1. e4 c5 2. Nf3 Nc6 3. d4 cxd4 4. Nxd4 e5 5. Nb3 Nf6 6. Nc3 d6 7. Be2 Be7 8. 0-0 0-0 9. f4 exf4 10. Bxf4 Be6 11. Bf3 Ne5 12. Nd5 Nxf3+ 13. Qxf3 Bxd5 14. exd5 Qd7 15. Rfe1 Rfe8 16. Rad1 Qf5 17. c4 Nh5 18. Bd2 Qxf3 19. gxf3 Bf6 20. Bb4 Red8 21. Nd4 g6 22. Nb5 Be5 23. b3 a6 24. Nd4 Rac8 25. Nc2 Ng7 26. Ne3 h5 27. Ng2 Nf5 28. Ba5 Re8 29. Bb6 Bc3 30. Rxe8+ Rxe8 31. Kf2 Bf6 32. b4 Rc8 33. c5 Be7 34. Rc1 Kf8 35. a4 Ke8 36. c6 bxc6 37. dxc6 Bd8 38. a5 Ne7 39. c7 Bxc7 40. Rxc7 Rxc7 41. Bxc7 Kd7 42. Bb6 Nd5 43. b5 Nxb6 44. axb6 axb5 45. Ne3 Kc6 46. Nd5 g5 47. Kg3 b4 48. Nxb4+ Kxb6 49. f4 Kc5 50. Nc2 f6 51. Ne3 d5 52. Nf5 d4 53. fxg5 fxg5 54. Ng7 d3 55. Kf2 Kd4 56. Nxh5 d2 57. Ke2 Kc3 58. Kd1 Kd3 59. Nf6 Ke3 60. Nh7 g4 61. Nf6 Kf3 62. Kxd2 g3 1/2-1/2

[Event "Papp Bela Memorial"]
[Site "Budapest"]
[Date "1997.??.??"]
[Round "?"]
[White "Dobcsanyi, David"]
[Black "Papista, Akos"]
[Result "1/2-1/2"]
[WhiteElo "2130"]
[BlackElo "2240"]
[PlyCount "36"]
[EventDate "1997.??.??"]
[EventType "swiss"]
[EventRounds "11"]
[EventCountry "HUN"]
[SourceTitle "EXT 2002"]
[Source "ChessBase"]
[SourceDate "2001.11.25"]
[SourceVersion "1"]
[SourceVersionDate "2001.11.25"]
[SourceQuality "1"]

1. c4 c5 2. Nc3 Nf6 3. Nf3 Nc6 4. g3 g6 5. Bg2 Bg7 6. 0-0 d6 7. d3 0-0 8. Rb1 Be6 9. a3 a5 10. Ng5 Bd7 11. Nf3 h6 12. h3 Kh7 13. Kh2 e5 14. e4 Nd4 15. Nd5 Rb8 16. b4 axb4 17. axb4 Nxd5 18. cxd5 b5 1/2-1/2

[Event "HUN-chT2 9798"]
[Site "Hungary"]
[Date "1997.??.??"]
[Round "?"]
[White "Papp Zoltan, Csaba"]
[Black "Dobcsanyi, David"]
[Result "0-1"]
[WhiteElo "2255"]
[BlackElo "2130"]
[PlyCount "72"]
[EventDate "1997.??.??"]
[EventType "team-tourn"]
[EventRounds "11"]
[EventCountry "HUN"]
[SourceTitle "EXT 1999"]
[Source "ChessBase"]
[SourceDate "1998.11.16"]
[SourceVersion "1"]
[SourceVersionDate "1998.11.16"]
[SourceQuality "1"]

1. e4 e6 2. Nf3 d5 3. e5 c5 4. b4 c4 5. c3 Ne7 6. d3 cxd3 7. Bxd3 Ng6 8. h4 Nc6 9. Qe2 Qc7 10. Bb5 Bd7 11. Bxc6 Qxc6 12. h5 Ne7 13. h6 Ng6 14. hxg7 Bxg7 15. Bh6 Bxh6 16. Rxh6 Nf4 17. Qf1 d4 18. Rh4 dxc3 19. Rxf4 c2 20. Kd2 Rc8 21. Qc1 cxb1Q 22. Rxb1 Qd5+ 23. Rd4 Rxc1 24. Rxc1 Qb5 25. Rc7 Rg8 26. g3 Ke7 27. a4 Qxa4 28. Rxb7 Rd8 29. b5 Qa2+ 30. Ke3 Qa3+ 31. Kf4 Ke8 32. Ng5 Qb2 33. Nf3 Qxf2 34. Rd2 Qc5 35. Ng5 Qc1 36. Ne4 Bc8 0-1

[Event "Papp Bela Memorial"]
[Site "Budapest"]
[Date "1997.??.??"]
[Round "?"]
[White "Schlusnik, Nandor"]
[Black "Dobcsanyi, David"]
[Result "1-0"]
[WhiteElo "2225"]
[BlackElo "2130"]
[PlyCount "45"]
[EventDate "1997.??.??"]
[EventType "swiss"]
[EventRounds "11"]
[EventCountry "HUN"]
[SourceTitle "EXT 2002"]
[Source "ChessBase"]
[SourceDate "2001.11.25"]
[SourceVersion "1"]
[SourceVersionDate "2001.11.25"]
[SourceQuality "1"]

1. d4 d5 2. c4 e6 3. Nf3 Nf6 4. Nc3 c5 5. cxd5 Nxd5 6. e3 cxd4 7. Nxd5 exd5 8. Nxd4 Nc6 9. Bb5 Qb6 10. Qb3 Qc5 11. Bd2 Bd7 12. Rc1 Qd6 13. Qa4 Ne5 14. 0-0 a6 15. Bc3 Rd8 16. Nf5 Qg6 17. Bxd7+ Nxd7 18. Qf4 f6 19. Nd6+ Bxd6 20. Qxd6 Qf7 21. Ba5 Rb8 22. Rc7 b6 23. Rxd7 1-0